Представление документа в формате RUSMARC

ПолеНазваниеЗначение
  Тип записи a
  Библиографический уровень m
001 Контрольный номер 7b9297c7057a41868d983c4d4f41cfc1
005 Дата корректировки 20140626091502.5
010 Индекс ISBN __
a ISBN 5-94723-468-8
200 Заглавие и сведения об ответственности 1_
a Заглавие Комментарий к главе 12 КоАП .Административные правонарушения в области дорожного движения
e Сведения, относящиеся к заглавию Постатейный
f Первые сведения об ответственности Питулько Ксения Викторовна, Коряковцев Вячеслав Васильевич
210 Выходные данные 1_
a Место издания СПб.
c Издательство Питер
d Дата издания 2002
215 Физическое описание __
a Объем 377 с.
225 Серия 2_
a Серия Закон и комментарии
300 Общие примечания __
a Общие примечания 1экз.
610 Ключевые слова 0_
a Ключевые слова комментарий
610 Ключевые слова 0_
a Ключевые слова административные правонарушения
610 Ключевые слова 0_
a Ключевые слова дорожное движение
610 Ключевые слова 0_
a Ключевые слова закон
610 Ключевые слова 0_
a Ключевые слова правонарушения
610 Ключевые слова 0_
a Ключевые слова нормативный документ
610 Ключевые слова 0_
a Ключевые слова безопасность дорожного движения
686 Индексы других классификаций __
a Классификационный индекс 67
2 Код системы rubbk
686 Индексы других классификаций __
a Классификационный индекс 67.628.111.12-32
2 Код системы rubbk
700 Автор _1
a Фамилия Питулько Ксения Викторовна
701 Альтернативная интеллектуальная ответственность _1
a Фамилия Коряковцев Вячеслав Васильевич
801 Источник записи _0
a Страна RU
b Организация РУК
c Дата составления 20030826
g Правила каталогизации PSBO
801 Источник записи _1
a Страна RU
b Организация РУК
c Дата составления 20030826
g Правила каталогизации PSBO
852 Данные о местонахождении __
i Авторский знак П35
j Шифр хранения ББК 67
901 Тип документа __
t Тип документа m
938 Служебная информация __
a Название организации Головной вуз
b Имя БД BOOK
c Название АИБС АИБС ИРБИС